[Event "Corus Wijk aan Zee"]
[Site " Wijk aan Zee"]
[Date "2007.01.16"]
[Round "4"]
[White "GM Svidler, Peter (RUS)"]
[Black "GM Ponomariov, Ruslan (UKR)"]
[Result "1/2-1/2"]
[WhiteElo "2728"]
[BlackElo "2723"]
[Annotator "Ðîìàí Âèëÿâèí "]
[PlyCount "60"]
[EventDate "2007.01.??"]
[EventType "tourn"]
[EventCountry "NED"]
[EventCategory "19"]
[Source "CrestBook.com"]

1. e4 c5 2. Nf3 d6 3. d4 cxd4 4. Nxd4 Nf6 5. Nc3 a6 6. Be3 e5 7. Nb3 Be6 8. Qd2
Nbd7 9. f4 {Ýòîò ñòðåìèòåëüíûé ïîäðûâ öåíòðà âïåðâûå áûë ïðèìåí,í Ñìàãèíûì íà
÷åìïèîíàòå Ìîñêâû 1982 ãîäà â ïàðòèè ïðîòèâ Ðàøêîâñêîãî, è äîñòàòî÷íî
àêòèâíî èñïîëüçîâàëñÿ âî âòîðîé ïîëîâèíå 80-õ ïîñëå ïîáåä Ñàêñà íàä Íàííîì
(Ëóãàíî, 1984) è Òèììàíà íàä Ïîðòèøåì â ïðåòåíäåíòñêîì ìàò÷å â òîì æå ãîäó.} (
{Îñíîâíîå íàïðàâëåíèå} 9. f3) 9... b5 {Âîò òàêèå îíè - ñîâðåìåííûå øàõìàòû.
Êîðîëè â öåíòðå, «êîëõîç» íå òðóäîóñòðîåí, çàòî ïåøêè ðàçâèòû êàê íàäî!} ({
Â ñëó÷àå} 9... Qc7 {íåïðèÿòíî} 10. f5 $5 ({ïàðòèÿ-ïåðâîèñòî÷íèê ïðîäîëæàëàñü
} 10. O-O-O Be7 11. Be2 b5 12. Kb1 O-O 13. g4 $5 {è â äàëüíåéøèõ îñëîæíåíèÿõ
÷¸ðíûì óäàëîñü ïåðåõèòðèòü ïðîòèâíèêà Smagin,S (2270)-Rashkovsky,N (2515)/
Moscow 1982}) 10... Bc4 11. Bxc4 Qxc4 12. Qe2 $1 {ïðèãëàøàÿ ÷åðíûõ â
íåïðèÿòíûé ýíäøïèëü (Timman,J (2650)-Portisch,L (2640)/Hilversum 1984).
Ñòàòèñòèêà èãð â äàííîé ïîçèöèè (+3=2-0 â ïîëüçó áåëûõ) âûíóäèëà ëþáèòåëåé
âàðèàíòà Íàéäîðôà èñêàòü èíûå ïóòè.}) ({
Òàêæå íå âïîëíå äîñòàòî÷íî äëÿ óðàâíåíèÿ è} 9... exf4 10. Bxf4 Ne5 11. O-O-O
Be7 12. Nd4 {Sax,G (2575)-Nunn,J (2600)/Lugano 1984.}) 10. O-O-O Be7 $146 {
Òåîðèÿ çàêîí÷èëàñü, íà÷èíàåòñÿ òâîð÷åñòâî. Èëè ñêîðåå âîñïðîèçâåäåíèå
äîìàøíèõ àíàëèçîâ.} ({Íà òîëüêî ÷òî îòãðåìåâøåì «ìîëîä,æíîì» ñóïåðôèíàëå, â
ïàðòèè ïðîòèâ Ñâèäëåðà Õèñìàòóëëèí èçáðàë} 10... Qc7 {, îäíàêî ïîñëå} 11. Kb1
Rc8 12. h3 h5 13. Bd3 Be7 14. Rhe1 Nb6 {
Ïåòðó óäàëîñü ïåðåìàíåâðèðîâàòü ñîïåðíèêà.} 15. Bxb6 Qxb6 16. Nd5 Qb7 17. Na5
Qa7 18. Nxe7 Qxe7 19. f5 Bd7 20. c4 $1 h4 21. cxb5 axb5 22. Bc2 O-O 23. Qxd6 {
+/- Svidler,P (2750)-Khismatullin,D (2583)/Moscow RUS 2006.}) 11. h3 {
Òîò æå ïëàí - áåëûå ãîòîâÿòñÿ øòóðìîâàòü ðåçèäåíöèþ, êóäà ñ ìèíóòû íà ìèíóòó
îæèäàåòñÿ ïðèáûòèå âûñîêîïîñòàâëåííîé îñîáû.} ({Çäåñü óæå íå òàê óäà÷íî} 11.
f5 {ââèäó} Bc4 $1) 11... Rc8 {
À êîðîëü íå ñïåøèò, ïðèãëàøàÿ áåëûõ ñïåðâà íàäâèíóòü ïåøêè.} 12. Bd3 {
Ï,òð èãðàåò ïîä÷,ðêíóòî êðåïêî.} ({
Èíòåðåñíûå îñëîæíåíèÿ ìîãëè çàâÿçàòüñÿ ïîñëå} 12. g4 b4 $6 ({
õîòÿ, ñêîðåå âñåãî Ðóñëàí ñûãðàë áû ïðîùå, íàä,æíåå è ëó÷øå:} 12... exf4 13.
Bxf4 Ne5 {- íà äîñêå ïðèìåðíîå ðàâåíñòâî}) 13. Nd5 Nxe4 14. Qxb4 Bxd5 15. Rxd5
Ng3 16. Bxa6 $1 Rb8 (16... Nxh1 17. Bxc8 Qxc8 18. Qe1) 17. Bb5 Nxh1 18. Bxd7+
Kxd7 19. Qa4+ {, è ó ÷¸ðíîãî êîðîëÿ áîëüøèå íåïðèÿòíîñòè.}) 12... exf4 13.
Bxf4 Ne5 14. Kb1 O-O 15. g4 {Ñòîðîíû çàêîí÷èëè ðàçâèòèå è ïðèìåðíî îäèíàêîâî
ïðåóñïåëè â ïåøå÷íîì øòóðìå ïîçèöèè êîðîëÿ ñîïåðíèêà.} Nfd7 {Êîíü äâèæåòñÿ â
ñòîðîíó ïóíêòà ñ4. ×òî ìîãóò ïðåäïðèíÿòü âçàìåí áåëûå? Íàïðàøèâàåòñÿ
ñèììåòðè÷íîå âòîðæåíèå íà f5.} 16. Nd4 Nb6 17. Rhe1 {
Îêàçûâàåòñÿ óæå íóæíî ïðîÿâëÿòü áäèòåëüíîñòü.} ({
Îêàçûâàåòñÿ, óæå íóæíî ïðîÿâëÿòü áäèòåëüíîñòü. Ïðÿìîëèíåéíîå} 17. Nf5 $6 {
îñëàáëÿåò âàæíóþ äèàãîíàëü à1-h8:} Bf6 $1 18. g5 Nec4 19. Bxc4 Nxc4 20. Qe1
Na3+ $1) ({Òàêæå íåõîðîøî} 17. Nxe6 $2 fxe6 18. Bxe5 dxe5 {Çäåñü ôàêòîð
ñäâîåííûõ ïåøåê ïåðåâåøèâàåòñÿ íåîáû÷àéíîé òóïîñòüþ ñëîíà d3. Íàïðèìåð,} 19.
Rhf1 Rxf1 20. Bxf1 Qxd2 21. Rxd2 Rf8 {
, è ó ÷¸ðíûõ ñåðü¸çíîå ïðåèìóùåñòâî â îêîí÷àíèè.}) 17... Bf6 18. g5 Nec4 19.
Bxc4 Nxc4 20. Qc1 Bxd4 21. Rxd4 Qb6 ({Íè÷åãî íå äàâàëî} 21... Na3+ 22. bxa3 $1
Rxc3 23. Bxd6 Qb6 24. Red1 Rfc8 {ââèäó} 25. Qf4 $1 {è íå ïðîõîäèò} Rxc2 $2 {
èç-çà çàäà÷íîãî} 26. Bc7 $3) 22. Rd3 ({Âîçìîæíî áûëî è} 22. Red1 $5) 22...
Rfe8 23. Be3 Qa5 24. Nd5 Bxd5 25. exd5 Re5 26. Bf2 b4 ({×óòü ëó÷øå êàæåòñÿ} 
26... Rce8 {, îäíàêî ñêîðåå âñåãî ïîñëå} 27. Rdd1 $1 {
áåëûå óäåðæèâàëè ðàâåíñòâî.}) 27. Rxe5 Nxe5 28. Rd4 Qb5 29. Qd1 a5 30. b3 $6 {
Çà÷åì îñëàáëÿòü ïîëå ñ3 áåç íóæäû?} ({Åñòåñòâåííåå} 30. Bg3 Nc4 31. Qd3 $11)
30... Rc3 {Çäåñü Ðóñëàí, ïðåäëîæèë íè÷üþ, ÷òî âîîáùå-òî íà íåãî íåïîõîæå:
ïîçèöèÿ ÷¸ðíûõ íà êîïåéêó ïîëó÷øå, ìîæíî áûëî õîòÿ áû ïîïðîáîâàòü...  Âèäèìî,
ïîâåðèë â Ïåòðà è ðåøèë ñýêîíîìèòü ñèëû - òóðíèð-òî åù¸ äëèííûé.} 1/2-1/2

[Event "Corus Wijk aan Zee"]
[Site " Wijk aan Zee"]
[Date "2007.01.16"]
[Round "4"]
[White "GM Kramnik, Vladimir (RUS) "]
[Black "GM Navarra, David (CZE)"]
[Result "1/2-1/2"]
[WhiteElo "2766"]
[BlackElo "2719"]
[Annotator "Ðîìàí Âèëÿâèí "]
[PlyCount "125"]
[EventDate "2007.01.??"]
[EventType "tourn"]
[EventCountry "NED"]
[EventCategory "19"]
[Source "CrestBook.com"]

1. Nf3 Nf6 2. c4 c5 3. g3 Nc6 4. Nc3 d5 5. d4 cxd4 (5... e6 6. cxd5 Nxd5 7. Bg2
{D 41}) 6. Nxd4 dxc4 (6... e6 7. cxd5 Nxd5 8. Nxc6 bxc6 9. Bd2 $14) 7. Nxc6
Qxd1+ 8. Nxd1 bxc6 9. Bg2 Nd5 10. Ne3 {Ìíå ýòîò âàðèàíò ïî õàðàêòåðó áîðüáû
íàïîìèíàåò «ðàçìåíêó» èç ïðèíÿòîãî ôåðçåâîãî. Ó áåëûõ ìèíèìàëüíûé ïëþñèê,
îáúåêòèâíûì ðåçóëüòàòîì äîëæíà áûòü íè÷üÿ. Îäíàêî, åñòü íåñêîëüêî «íî». 
Ïñèõîëîãè÷åñêè âñåãäà íåïðèÿòíî èãðàòü «íà äâà ðåçóëüòàòà», ïóñòü è ÷,
ðíûìè. Ìíîãèå øàõìàòèñòû ëþáÿò æèâóþ ôèãóðíóþ èãðó â ìèòòåëüøïèëå, è èì â
òàêîì ýíäøïèëå áóäåò íåêîìôîðòíî. Â îáùåì - ó áåëûõ åñòü êîçûðè
ïñèõîëîãè÷åñêîãî õàðàêòåðà!  Ïðèìåíèòåëüíî ê äàííîé ïàðòèè îòìåòèì, ÷òî
òàêèå ïîçèöèè îòëè÷íî ïîäõîäÿò Êðàìíèêó ïî ñòèëþ - èãðà íà íþàíñàõ, íà
êëàññå, íå ñëèøêîì èçíóðèòåëüíàÿ äëÿ íåãî è âåñüìà íåïðèÿòíàÿ äëÿ ñîïåðíèêà. Â
ïîäòâåðæäåíèå ìîèõ ñëîâ ïðèâåäó åãî ñòàòèñòèêó çäåñü:+2 =1-0, ïðè÷,ì ïîáåäû
áûëè îäåðæàíû íàä ñèëüíûìè «ãðîññàìè» - ßíîì Òèììàíîì è Éîõàíîì Õüÿðòàðñîíîì.
Ïðîèãðûâàëè çäåñü òàêæå Àëüòåðìàí, Ëàëè÷, Âîéòàøåê, Èëüåñêàñ, Ñóýòèí. Â îáùåì,
íå ñïåøèòå óïðåêàòü Âëàäèìèðà çà ìèðîëþáèå - âñÿ áîðüáà âïåðåäè!} e6 (10...
Ba6 11. Nxd5 cxd5 12. Bxd5 Rc8 13. Bd2 $14 {Diese schwarze Möglichkeit ist
weniger populär, denn der Bauer c4 ist hier stets schwach und Weiß kann beide
Läufer in die langen Diagonalen stellen.}) 11. Nxc4 Ba6 12. Na5 ({
Ïðîòèâ Õüÿðòàðñîíà Âëàäèìèð òðàêòîâàë ïîçèöèþ èíà÷å:} 12. b3 Bb4+ 13. Bd2 Ke7
14. Rc1 Rac8 ({òî÷íåå} 14... Rhc8 $1 {(Ðèáëè)}) 15. Bxb4+ Nxb4 16. a3 Nd5 17.
Na5 c5 18. O-O Rhd8 19. Rc2 Rc7 20. Rfc1 Rdc8 21. e4 $14 {
Kramnik,V (2730)-Hjartarson,J (2570)/Clichy 1995.}) 12... Rc8 ({
À ßí Òèììàí ïîïàë â ïåðåïëåò ïîñëå ÷åðåñ÷óð àêòèâíîãî} 12... Bc5 $6 {
Schwarz strebt nach aktivem Figurenspiel und verteidigt daher nicht seinen
c-Bauern. Tatsächlich steht der Läufer aber in der c-Linie nicht glücklich.}
13. Bd2 O-O 14. Rc1 Bd4 15. b4 $16 {
Kramnik,V (2751)-Timman,J (2649)/Wijk aan Zee 1999.}) ({Çàñëóæèâàåò âíèìàíèÿ} 
12... Kd7 $5 13. Bd2 Rb8 {(Ôòà÷èê).}) 13. Bd2 Be7 14. Rc1 c5 15. b3 O-O 16.
O-O Rfd8 ({Êîíå÷íî íå} 16... Bxe2 $4 17. Rfe1 Ba6 18. Bxd5 {
è ÷åðíûå òåðÿþò ôèãóðó}) 17. Bf3 {
Ñîáñòâåííî, âîò îíà - òà ñàìàÿ ïîçèöèÿ, êîòîðàÿ ðàâíàÿ, íî íå íè÷åéíàÿ. :)}
Kf8 18. Rfd1 Ke8 {×¸ðíûå ïîäòÿíóëè êîðîëÿ è, â ïðèíöèïå, íå ïðî÷ü ñìåíÿòü
îáå ëàäüè - òîãäà åãî âåëè÷åñòâî íàä,æíî çàùèòèò ïåøå÷íûå ñëàáîñòè è èì âðÿä
ëè áóäåò ÷òî-òî óãðîæàòü.} 19. Be1 {Ïîêà òàê.} ({Õîòåëîñü áû, êîíå÷íî,
ïîñòàâèòü ñëîíà íà b2 èëè à3, íî ÷¸ðíûå òîæå èãðàþò â øàõìàòû:} 19. Rc2 Nb4
$1) 19... Rd7 20. e3 Bf6 21. Nc4 Ke7 22. Ba5 Bb5 {#} 23. Be2 ({
Ìîæíî áûëî îòîáðàòü áåëîïîëüíîãî ñëîíà ïóòåì} 23. e4 Bxc4 (23... Nb6 $2 24. e5
Bg5 25. Nd6 Bxc1 26. Nxc8+ Nxc8 27. Rxc1 {è ïåøêà ñ5 ãèáíåò.}) 24. Rxc4 Nb6 25.
Rcc1 {. ×òî ëó÷øå, ãäå áîëüøå? Ýòîò âîïðîñ çà÷àñòóþ íå ìåíåå ñëîæåí äëÿ
ðàçðåøåíèÿ, íåæåëè ðàñ÷,ò ãîëîâîëîìíûõ âàðèàíòîâ. Çäåñü ïåðåâåñ áåëûõ òàêæå
íå ïîäëåæèò ñîìíåíèþ, îäíàêî êàêîâû øàíñû ðåàëèçîâàòü åãî â åäèíè÷êó? ß áû,
íàâåðíîå, þðêíóë â ýòó ïîçèöèþ... Íàâåðíîå, ïîýòîìó ÿ è íå Êðàìíèê.:)}) 23...
Nb4 24. Nd6 Rxd6 25. Bxb5 Nxa2 {«Ñìåëî, òîâàðèùè, çà ïåøêàìè!»} ({Ñîáñòâåííî,
âûáîðà óæå íå áûëî, è ýòî âñåãäà óïðîùàåò ïðèíÿòèå òàêèõ îòâåòñòâåííûõ ðåøåíèé.
} 25... Rxd1+ 26. Rxd1 {ãðîçèëî êðóïíûìè íåïðèÿòíîñòÿìè íà ïîëå d7.}) 26. Rxd6
Nxc1 27. Rd7+ Kf8 28. Rxa7 {#} Bd8 $2 {Åñëè ÿ ïðàâèëüíî ðàñøèôðîâàë ïîçèöèþ,
òî ñåé÷àñ ñðàáîòàë ïðèíöèï Íàéäæåëà Øîðòà - ñòàâüòå ïåðåä ñîïåðíèêîì ïðîáëåìû,
è ñîãëàñíî òåîðèè âåðîÿòíîñòè ðàíî èëè ïîçäíî îí îøèá,òñÿ!} ({Ïîñëå} 28... Nxb3
$2 29. Bd7 $1 Rb8 30. Bc7 {
÷åðíûå ëèáî òåðÿëè êà÷åñòâî, ëèáî ïîëó÷àëè ìàò. Âîò òàêîé} Rb4 31. Bd6+ Be7
32. Ra8+) ({À âîò ïðàâèëüíîå} 28... Rb8 {
áëàãîïîëó÷íî ïðèâîäèëî êîðàáëü â íè÷åéíîìó ïðè÷àëó:} 29. Bc4 Nxb3 30. Bc7
Rb4 31. Bxb3 ({ïîõîæå, ÷òî, èãðàÿ òóò  "ïðîìåæóòî÷íî" -} 31. Bd6+ $1 Ke8 32.
Be2 {, áåëûå ñîõðàíÿëè ïåðåâåñ, íàïðèìåð,} Bd8 33. Be5 $1 g6 34. Bc3 {
è ò.ä. - vasa.}) 31... Rxb3 32. Bd6+ Ke8 33. Bxc5 Rc3 $11 {È íå áûëî áû
ïîòðà÷åíî ñòîëüêî ñèë è íåðâíûõ êëåòîê ó ñîïåðíèêîâ, áîëåëüùèêîâ,
êîììåíòàòîðîâ...  Âïðî÷åì, åñëè òàê ðàññóæäàòü, ìîæíî ïðèéòè ê âûâîäó, ÷òî ñ
ìåäèöèíñêîé òî÷êè çðåíèÿ ñèëüíåéøèé õîä â ïàðòèè - 1. f3!?, ñîïðîâîæäàåìûé
íåìåäëåííûì çàêëþ÷åíèåì íè÷üåé.}) 29. Bc4 {åïåðü äèñëîêàöèÿ êîíÿ íà êðàþ
äîñêè (Òàððàøà âñïîìèíàòü ÍÅ ÁÓÄÅÌ!), âûíóæäàåò ÷åõà áûòü ïðåäåëüíî ñîáðàííûì
è ñ÷èòàòü, ñ÷èòàòü, ñ÷èòàòü...} Rb8 30. Bxd8 Rxd8 31. Ra1 Rd1+ 32. Kg2 {
Êîíü ñâÿçàí, îäíàêî ïîäîáðàòüñÿ ê íåìó òÿæåëî, äàæå áîëåå òîãî - íåâîçìîæíî.}
g5 {Íà âñÿêèé ñëó÷àé îáåñïå÷èâàÿ ñâîåãî êîðîëÿ æèçíåííûì ïðîñòîðîì, Íàâàððà
äà,ò âîçìîæíîñòü Êðàìíèêó ïîëó÷èòü ëàäåéíèê ñ ëèøíåé ïåøêîé.} ({Â ñëó÷àå} 
32... Ke7 {áåëûå ìîãëè íàáðîñèòü ïåøêè íà êîðîëåâñêîì ôëàíãå} 33. h4 {
, è çàòåì ïîäòÿãèâàòü êîðîëÿ, ñî÷åòàÿ âñ¸ ýòî ñ âîçìîæíîñòüþ àòàêè ïåøåê c5,
g7 èëè h7.}) 33. Kf3 ({Ìîæíî ëè âûêàòèòü òðè íà ÷åòûðå íà îäíîì ôëàíãå ïîñëå} 
33. Ra5 Nd3 34. Bxd3 Rxd3 35. Rxc5 Rxb3 36. Rxg5 {Ìíå, ñêàæó ÷åñòíî, íå
õâàòàåò êëàññà, ÷òîáû ñêàçàòü îäíîçíà÷íî: «íè÷üÿ» èëè «âûèãðûø». Ìîãó
ëèøü âûñêàçàòü ñâî, ìíåíèå - ïðè ïðàâèëüíîé èãðå ÷åðíûå äîëæíû óñòîÿòü.})
33... h5 34. h3 Ke7 35. Ra5 f5 $1 ({Çäåñü óæå íåâîçìîæíî} 35... Nd3 {èç-çà} 36.
Ke2 $1) 36. Rxc5 ({Ê ðàâåíñòâó âåëî} 36. g4 hxg4+ 37. hxg4 fxg4+ 38. Kxg4 Nd3
39. Bxd3 Rxd3 40. Rxc5 Rxb3 $11) 36... g4+ 37. hxg4 (37. Kg2 $5) 37... hxg4+
38. Kf4 {«âñ¸ íóæíî äåëàòü ñàìîìó», - âçäîõíóë áåëûé êîðîëü è ïîø,ë âïåð,ä.}
Kf6 39. e4 Rd4 40. Ke3 Rxe4+ 41. Kd2 Na2 42. Rb5 f4 $1 {
Çàùèùàåøüñÿ - ìåíÿé ïåøêè!} 43. Ra5 Nb4 44. Ra4 fxg3 45. fxg3 (45. Rxb4 $4 g2)
45... Nc6 46. Bb5 Nb4 {Ìîë÷àëèâîå ïðåäëîæåíèå íè÷üè.} 47. Bc4 Nc6 48. Bb5 Nb4
49. Bc6 {Âëàäèìèð ðåøàåò ïðîäîëæèòü áîðüáó!} Rd4+ 50. Kc3 Rd6 51. Rxb4 Rxc6+
52. Rc4 Rd6 53. b4 e5 $1 {Íóæíî îòäàòü äâå ñâîèõ ïåøêè çà ïåøêó «b» (ïîòîìó
÷òî ê íåé äàëåêî áåæàòü êîðîë,ì) è ïîñòðîèòü ïîçèöèþ Ôèëèäîðà íà êîðîëåâñêîì
ôëàíãå. Òàêîâ ãåíåðàëüíûé ïëàí îáîðîíû ÷¸ðíûõ.} 54. b5 ({Èëè} 54. Rxg4 Kf5 55.
Rg8 e4 56. b5 Re6 57. Kd2 Rb6 $11) 54... Kf5 55. Rb4 e4 56. Rd4 Rh6 57. Rd1 ({
Ïîõîæå, áîëüøå ïðîáëåì ïåðåä ÷¸ðíûìè ìîæíî áûëî ïîñòàâèòü ïîñëå} 57. Rd5+ Ke6
58. Rg5 Rh1 $1 ({ïðîèãðàòü, êñòàòè, ñîâñåì íåñëîæíî:} 58... Kd6 $2 59. Kd4 Re6
60. Ke3 Kc7 61. Rxg4 Re5 62. Rxe4 Rxb5 63. g4 $18) 59. Rxg4 Kf5 60. Rh4 Rc1+
61. Kd2 Rb1 62. Kc2 Rb4 63. Kc3 Rb1 $11) 57... e3 $6 {Óñëîæíÿÿ ñåáå æèçíü.} ({
Ïðîñòàÿ íè÷üÿ ïîëó÷àëàñü ïîñëå} 57... Rh3 58. Rg1 e3 59. Kd3 Rh2 60. Rb1 e2
$11 {, è åñëè áåëûå áóäóò óïîðñòâîâàòü} 61. Kd2 $4 {
î ìîæíî äàæå ñëó÷àéíî :) âûèãðàòü} e1=Q+ $1) 58. Kd3 {#} e2 ({
Ê òîìó æå ðåçóëüòàòó âåëî è} 58... Rh2 59. Kxe3 Rb2 60. Rd5+ Ke6 61. Rg5 Rb3+ {
, è áåëûå íå ìîãóò äîáèòüñÿ ïðîãðåññà.}) 59. Rb1 ({
Êàê óñòàíîâèë «êîëëåêòèâíûé ðàçóì» (â ëèöå NS è Àíèêåÿ),} 59. Kxe2 {
òàêæå íå äàâàëî âîçìîæíîñòè ðàññ÷èòûâàòü íà ÷òî-òî áîëüøåå:} Rh2+ 60. Kd3 Rg2
{, äàëåå ëàäüÿ ñïóñêàåòñÿ âíèç, îòäàåòñÿ çà ïåøêó, à îñòàâøàÿñÿ â æèâûõ ïåøêà
«g» ïðèíîñèò ÷åðíûì íè÷üþ.}) 59... Rh2 {
Òåïåðü ïàðòèÿ ïðèõîäèò ê çàêîíîìåðíîìó, â öåëîì, èòîãó.} 60. Kd4 Rf2 61. Re1
Rg2 62. b6 Rxg3 63. Rxe2 ({Èëè} 63. Kc4 Re3 64. b7 Re8 65. Rxe2 $1 Rb8 66. Rb2
g3 $11 {- vasa}) ({Íî íå} 63. Rb1 $2 Rb3 $1 {- vasa.}) 1/2-1/2

[Event "Corus Wijk aan Zee"]
[Site " Wijk aan Zee"]
[Date "2007.01.16"]
[Round "4"]
[White "GM Radjabov, Teimour (AZE) "]
[Black "GM Tiviakov, Sergey (NED)"]
[Result "1-0"]
[WhiteElo "2729"]
[BlackElo "2667"]
[Annotator "Ìèõàèë Êðîéòîð"]
[PlyCount "149"]
[EventDate "2007.01.??"]
[EventType "tourn"]
[EventCountry "NED"]
[EventCategory "19"]
[Source "CrestBook.com"]

{Åñëè ÷åñòíî, ïðîñìàòðèâàÿ ýòó ïàðòèþ, ÿ òàê è íå ñìîã ïîíÿòü, êàê æå
Ðàäæàáîâ ñìîã å, âûèãðàòü. Åäèíñòâåííîå, ÷òî ïîíÿë - êàê Òèâÿêîâ ñìîã
ïðîèãðàòü.  ×¸ðíûå ñîçíàòåëüíî èçáåãàëè ðàçìåíîâ è âñêðûòèÿ èãðû, ÷òî
óõóäøàëî èõ ïîçèöèþ. Ïîä êîíåö îíè îñëàáèëè çàùèòó ñâîåãî êîðîëÿ, ÷òî è
ñêëîíèëî ÷àøó âåñîâ íà ñòîðîíó Òåéìóðà. Â îïðåäåë,ííûé ìîìåíò
ïî÷óâñòâîâàëîñü, ÷òî áåëûå óñòàëè - îíè íà÷àëè ïîâòîðÿòü õîäû, îäíàêî ÷,
ðíûå áûëè íåäîâîëüíû òàêèì ðåçóëüòàòîì è ïîïûòàëèñü ñûãðàòü íà âûèãðûø â
õóäøåé ïîçèöèè... Äîïóñòèâ ïàðó íåòî÷íîñòåé, îíè â êîíöå-êîíöîâ
«áëàãîïîëó÷íî» çåâíóëè ïåøêó...} 1. e4 c5 2. Nf3 Nc6 3. d4 cxd4 4. Nxd4 g6 {
Ëåãåíäàðíûé Ñèöèëèàíñêèé Äðàêîí! Íå÷àñòî ìîæíî óâèäåòü ýòîò âàðèàíò íà ñàìîì
âûñøåì óðîâíå...} 5. Nc3 Bg7 6. Be3 Nf6 7. Bc4 O-O 8. Bb3 a5 9. O-O Nxd4 10.
Bxd4 d6 11. Qe2 {âñ¸ ýòî ïîêà òåîðèÿ.} ({
Àëåêñåé Øèðîâ òðàêòîâàë ýòó ïîçèöèþ òàê:} 11. a4 Bd7 12. Re1 Bc6 13. Nd5 Nd7
14. c3 Re8 15. Bxg7 Kxg7 16. Qd4+ Kg8 17. Rad1 Bxd5 18. Qxd5 {È ïîñëå} Rf8 {
îäíîìó èç ëó÷øèõ «àòàê,ðîâ» â èñòîðèè øàõìàò óäàëîñü ïîäòâåðäèòü ñâîþ
ðåïóòàöèþ:} 19. Qg5 Nc5 20. Bc2 Qc7 21. Re3 Rfd8 22. Qh6 e6 23. Rh3 f6 24. b4
axb4 25. cxb4 Nxa4 26. Bb3 Re8 27. g4 Nc3 28. Rxd6 $1 {
... 1-0 (Shirov,A (2715)-Georgiev,K (2655)/Dubai 2002).}) 11... Bd7 12. Rad1 a4
13. Bc4 Bc6 14. a3 $146 {Íîâèíêà. Î÷åâèäíî, ÷òî Ðàäæàáîâ ãîòîâèò ñâîåìó
ñëîíó óêðîìíîå ìåñòå÷êî, ãäå îí è äàëåå ñìîæåò äàâèòü íà ïåøêó f7.} ({
Â ïàðòèè-ïåðâîèñòî÷íèêå áûëî ñûãðàíî} 14. f4 Nd7 15. e5 dxe5 16. fxe5 e6 17.
Bc5 Qa5 18. Bxf8 Rxf8 19. Bb5 Nxe5 20. Bxc6 bxc6 21. Ne4 Qb6+ 22. Qf2 Qxb2 {
, è ÷åðíûå óðàâíÿëè èãðó, à ïîòîì äàæå è âûèãðàëè... 0-1 (Nakamura,H (2568)
-Wojtkiewicz,A (2543)/New York 2003).}) 14... Ra5 15. Nd5 Nd7 ({Ëó÷øå} 15...
Nxd5 16. Bxg7 Nf4 ({íî íå} 16... Kxg7 $6 17. exd5 Bd7 18. Rfe1 $16) 17. Qg4
Kxg7 18. Qxf4 {ñ ðàâíûìè øàíñàìè.}) 16. Rfe1 Re8 17. c3 e6 18. Nb4 Bf8 {
Ïîíÿòíî ñòðåìëåíèå Òèâÿêîâà ïîääåðæàòü íàïðÿæåíèå â ïàðòèè.} ({
Íî, äóìàåòñÿ, îòäàâàòü áîëüøóþ äèàãîíàëü íå ñëåäîâàëî. Íàïðèìåð,} 18... Qc7
19. Bxg7 Kxg7 {,  è ïîçèöèÿ ðàâíà.}) 19. f3 (19. f4 $5 Qc7 20. Ba2) 19... Qc7
20. Qf2 Nc5 21. Rd2 Qe7 22. Rde2 {Âîîáùå-òî ãîâîðÿ, äëÿ ìåíÿ ýòî áûëà
ïàðòèÿ-çàãàäêà. Ìåíÿ òðåíåðà ó÷èëè çàíèìàòü ëàäüÿìè îòêðûòûå ëèíèè, ïîýòîìó
âïîëíå åñòåñòâåííî, ÷òî ÿ îæèäàë çäåñü õîäà 22.Red1 Bh6 23.Be3 Bxe3 24.Qxe3 ñ
èãðîé ïî öåíòðó. Åñëè Òèâÿêîâà ÿ «ðàñêóñèë» - îí ïûòàëñÿ ïîääåðæàòü
íàïðÿæåíèå â ïàðòèè, èçáåãàë ðàçìåíîâ, òî Ðàäæàáîâ îêàçàëñÿ äëÿ ìåíÿ êðåïêèì
îðåøêîì.} Rc8 23. Ba2 {Ýòîò õîä ÿ óãàäàë! :)} Bb5 24. Rd2 Nd7 (24... Nb3 $5 25.
Bxb3 axb3) 25. f4 Bc4 26. Bb1 Nc5 27. Bc2 Nb3 28. Bxb3 Bxb3 29. Rd3 {Åñòåñòâåíí
ûé õîä. Òèìóð ïîäêëþ÷àåò ëàäüþ ê àòàêå êîðîëÿ. Ïðàâäà, ÿ áû ïûòàëñÿ ñäåëàòü
ýòî õîäîâ íà 5 ðàíüøå...} Bc4 ({ßâíî ñèëüíåå áûëî 29...Rh5 30.h3, ïðåñåêàÿ íà
êîðíþ âñå ïîïîëçíîâåíèÿ áåëûõ íà êîðîëåâñêîì ôëàíãå. Òîãäà îïðàâäûâàëàñü áû
ñòðàòåãèÿ ÷¸ðíûõ ñ ïåðåâîäîì ëàäüè íà 5-þ ãîðèçîíòàëü.} 29... Rh5 {, ïðåñåêàÿ
íà êîðíþ âñå ïîïîëçíîâåíèÿ áåëûõ íà êîðîëåâñêîì ôëàíãå. Òîãäà îïðàâäûâàëàñü
áû ñòðàòåãèÿ ÷¸ðíûõ ñ ïåðåâîäîì ëàäüè íà 5-þ ãîðèçîíòàëü.} {
Îêàçûâàåòñÿ,÷òî òåïåðü íå ñòðàøåí ïðîðûâ f4-f5:} 30. f5 $5 exf5 31. exf5 Rxf5
32. Nd5 $1 Bxd5 33. Rxe7 Rxf2 34. Bxf2 Bxg2 $1 35. Re1 Bc6 {
ñ èíòåðåñíûì, íî, âñ¸-òàêè íè÷åéíûì îêîí÷àíèåì.}) 30. Rh3 e5 ({Â ñëó÷àå} 
30... h5 {áåëûå ìîãëè áû ïîïðîáîâàòü «ñåñòü íà òèãðà»:} 31. f5 exf5 32. Nd5
Bxd5 33. exd5 Qd7 34. g4 $5 f4 $1 35. Qxf4 Rxd5 36. Qf6 Rxd4 37. Qxd4 d5 {
, è ó íèõ êà÷åñòâî çà ïåøêó (èëè äâå), à ó ïðîòèâíèêà áîëåå ñâîáîäíàÿ èãðà.})
31. Bb6 Rb5 32. f5 f6 ({À ìîæíî áûëî âñêðûòü èãðó â öåíòðå:} 32... d5 33. Nxd5
Bxd5 34. exd5 Rxd5 {...}) 33. Be3 gxf5 $2 {Ñëèøêîì ñàìîíàäåÿííî - îòêðûâàåòñÿ
÷¸ðíûé êîðîëü, ïîÿâëÿþòñÿ â ïîçèöèè ÷¸ðíûõ ñåðü¸çíûå ñëàáîñòè - ïåøêè d6 è
f6, íåàêòèâíûé ñëîí f8.} ({Â ñëó÷àå} 33... g5 {
ýòè ñëàáîñòè áûëè áû íå òàê î÷åâèäíû. Íàïðèìåð, â ñëåäóþùåì âàðèàíòå} 34. Rg3
d5 $1 35. h4 h6 36. Nxd5 Bxd5 37. exd5 Rxd5 {
ðåøàëèñü âñå ïðîáëåìû ÷¸ðíûõ, è îíè äàæå ìîãëè áû ïîáîðîòüñÿ çà èíèöèàòèâó.})
34. Qxf5 Be6 35. Rg3+ Kh8 36. Qf2 Bg7 37. Qd2 {Òåïåðü âîçìîæåí ïîäðûâ f6-f5.} (
{Ñèëüíåå âûãëÿäèò ïåðåñòàíîâêà} 37. Rd1 Rg8 38. Qd2 {, ïðåïÿòñòâóÿ ýòîìó.})
37... Rg8 ({Ïîõîæå, óðàâíèâàëî} 37... f5 $1 38. exf5 Bxf5 39. Rf1 Qe6 40. Qe2
Ra5 41. Bb6 Raa8 42. Nd5 Qxd5 43. Rxf5 Rf8 {è ò.ä.}) 38. Rd1 Bf8 39. Rxg8+ Kxg8
40. Bh6 Bb3 41. Rf1 Rc5 42. Rf3 {Âòîðàÿ ëàäüÿ èä,ò â àòàêó.} Rc8 $6 {Íå ñëåäîâà
ëî óáèðàòü ëàäüþ ñ 5-é ãîðèçîíòàëè. Áåëûé êîíü òåïåðü çàíèìàåò öåíòðàëüíîå
ïîëå, à ïîñëå åãî ðàçìåíà ñêàçûâàåòñÿ ñëàáîñòü êàê áåëûõ ïîëåé, òàê è ÷¸ðíîãî
ñëîíà.} ({Âûæèäàòåëüíûé õîä} 42... Bc4 {ñìîòðèòñÿ ëó÷øå. Îí, êðîìå òîãî,
âûïîëíÿåò åù¸ îäíó ïîëåçíóþ ôóíêöèþ - áëîêèðóåò ïåøêó ñ3}) ({
Ýòà ïåøêà ìîãëà áû ñåáÿ ïîêàçàòü â âàðèàíòå:} 42... Be6 43. Be3 Ra5 44. c4 $1
Bxc4 45. Nc6 $1 {ñ ïåðåâåñîì.}) 43. Nd5 Bxd5 44. Qxd5+ Kh8 45. Be3 Bg7 46. Qb5
{Òóò íóæíî áûëî ñûãðàòü ïî-äðóãîìó. Ðûáêà ñîâåòóåò äâèãàòü ïåøêó h2-h4.} ({
ß áû ïðåäïî÷,ë àòàêó íà êîðîëÿ} 46. Rh3 Rg8 47. Qd1) 46... Ra8 {
Íà íå÷,òêèé õîä ñëåäóåò íå÷,òêèé îòâåò.} ({
Áîëüøå øàíñîâ ÷¸ðíûì îñòàâëÿëà ïîïûòêà ðàçìåíà ôåðçåé:} 46... Qe8 $5 47. Qxb7
Rb8 48. Qc7 Rxb2 49. Qxd6 Qf8) 47. Bf2 Qc7 48. Rd3 Bf8 49. Rd5 Qc6 50. Qd3 Be7
51. Rb5 Bd8 52. Rd5 Bc7 ({Âèäíî, ÷òî Òèìóð óæå ñîãëàñåí íà íè÷üþ:} 52... Be7
{Íî íà íå, íå ñîãëàñåí Ñåðãåé!}) 53. h3 Rf8 54. Rb5 Ra8 55. Rd5 Rg8 ({
Îïÿòü ìîæíî ïîâòîðèòü ïîçèöèþ -} 55... Rf8 $11) 56. Kh2 Rg6 57. c4 Rg8 58. Bh4
Rg6 59. Qf3 ({Ñèëüíåå} 59. Rb5 Bb6 60. Qd5 Qc7 61. Rb4 {
, è áåëûå âûèãðûâàþò ïåøêó.}) 59... Kg7 60. c5 dxc5 61. Qf5 Bd6 ({Ëó÷øå} 
61... Bb6 62. Qd7+ Kg8 63. Qe7 c4 64. g4 (64. Rd7 Rxg2+ $1 65. Kh1 Rg1+ 66. Kh2
$11) 64... Rg7 65. Qxf6 Rf7 {- îïÿòü ïîõîæå íà íè÷üþ.}) 62. Qe6 f5 {
Ïðèõîäèòñÿ!} 63. Qxf5 Qc7 64. Bg3 Rf6 65. Qh5 Re6 66. Qe2 Kf8 67. Qd1 b5 $2 {
Çåâîê? Ïåøêà b5 âûèãðûâàåòñÿ - ðåøàþùàÿ èíèöèàòèâà íà ñòîðîíå áåëûõ  áåëûõ.}
68. Qf1+ Ke8 69. Qxb5+ Qd7 {È èä,ò ðåàëèçàöèÿ ïðåèìóùåñòâà:} 70. Qe2 Qf7 71.
Qa6 Qd7 72. Qa8+ Kf7 73. Qh8 h6 $4 {Ýòî ïðîèãðûâàåò ñðàçó.} ({
Íî äàæå ïðè «ëó÷øåé» çàùèòå -} 73... Rh6 74. Bxe5 Bxe5+ 75. Qxe5 Qe7 76. Qh8
{, ó áåëûõ ñëèøêîì ìíîãî ëèøíèõ ïåøåê - ïîðà ñäàâàòüñÿ.}) 74. Qh7+ Ke8 75. Qg8+
{Âûèãðàâ íà ñòàðòå 3 ïàðòèè ïðè îäíîé íè÷üåé, Ðàäæàáîâ óâåðåííî îáîñíîâàëñÿ
íà ïåðâîé ñòðî÷êå â òóðíèðíîé òàáëèöå. ×òî áóäåò ïîñëå âûõîäíîãî?} 1-0